Statistics for The Big Lebowski (1998) - Movie Cast

Click here to take the quiz!

General Stats

  • This quiz has been taken 146 times
  • The average score is 7 of 13

Answer Stats

Character Actor/Actress % Correct
Jeffrey Lebowski (The Dude)Jeff Bridges
99%
Walter SobchakJohn Goodman
95%
Theodore Donald 'Donny' KerabatsosSteve Buscemi
87%
Maude LebowskiJulianne Moore
76%
BrandtPhilip Seymour Hoffman
73%
Bunny LebowskiTara Reid
71%
Jesus QuintanaJohn Turturro
62%
The StrangerSam Elliott
56%
Nihilist #1 (Karl Hungus)Peter Stormare
25%
Jeffrey Lebowski (The Big Lebowski)David Huddleston
16%
Jackie TreehornBen Gazzara
15%
SmokeyJimmie Dale Gilmore
7%
MartyJack Kehler
5%

Score Distribution

Percentile by Number Answered

Percent of People with Each Score

Your Score History

You have not taken this quiz